000 00880nam a22002897a 4500
001 BR7702780
003 BR-BrBNA
005 20230928085301.0
007 ta
008 230509b bl.||||| |||| 00| 0 por d
040 _aBR-BrBNA
_bpor
_cBiblioteca Nacional de Agricultura
041 _a(Por)
072 _aD10
_b/G514
090 _ D10 BR7702780
110 1 _aDiretoria Estadual do Ministerio da Agricultura no Amapa, Macapa (Brasil)
_93437
245 1 _aRelatorio anual 1977 [Diretoria Estadual do Ministerio da Agricultura do Amapa; Brasil]
260 3 _aMacapa, AP (Brasil):
_c1977.
300 _a31 p.
500 _a17 tables
650 _aAdministracao publica
650 _aModernizacao administrativa
650 _aOrcamento
650 _aInstituicao agricola
650 _aDesenvolvimento agricola
909 _a202309
_bLucia
_c55
_dLucia Elande
942 _cBK
999 _c23663
_d23663